Liste des 23 Équipe de France Mondial 2010 - Statistiques

Statistiques générales
  • Ce quiz a été pris 175 fois
  • Le résultat moyen est 14 sur 23
Statistiques - réponses
Poste Nom % Correct
G Hugo LLORIS
99%
G Steve MANDANDA
96%
M Franck RIBÉRY
91%
D Patrice ÉVRA
89%
A Thierry HENRY
86%
A Nicolas ANELKA
83%
D Bakary SAGNA
75%
M Florent MALOUDA
70%
M Yoann GOURCUFF
70%
D William GALLAS
63%
M Alou DIARRA
58%
M Jeremy TOULALAN
57%
D Gaël CLICHY
53%
A André-Pierre GIGNAC
51%
D Éric ABIDAL
51%
M Mathieu VALBUENA
50%
G Cédric CARRASSO
49%
M Sidney GOVOU
43%
M Abou DIABY
39%
A Djibril CISSÉ
39%
D Anthony RÉVEILLÈRE
36%
D Sébastien SQUILLACI
28%
D Marc PLANUS
24%
Aucun quiz correspondant
Distribution des résultats
% des personnes avec chaque résultat
Percentile par nombre de réponses
Votre historique - résultats
Vous n’avez pas pris ce quiz